Age of Transition 1400-1580 (Record no. 17861)
[ view plain ]
| 000 -LEADER | |
|---|---|
| fixed length control field | 00374nam a22001577a 4500 |
| 003 - CONTROL NUMBER IDENTIFIER | |
| control field | OSt |
| 008 - FIXED-LENGTH DATA ELEMENTS--GENERAL INFORMATION | |
| fixed length control field | 231114b |||||||| |||| 00| 0 eng d |
| 041 ## - LANGUAGE CODE | |
| Language code of text/sound track or separate title | eng |
| 082 ## - DEWEY DECIMAL CLASSIFICATION NUMBER | |
| Classification number | 828.09 |
| Item number | SNE / AG |
| 100 ## - MAIN ENTRY--AUTHOR NAME | |
| Personal name | Snell, FI |
| 245 ## - TITLE STATEMENT | |
| Title | Age of Transition 1400-1580 |
| 250 ## - EDITION STATEMENT | |
| Edition statement | Reprint |
| 260 ## - PUBLICATION, DISTRIBUTION, ETC. (IMPRINT) | |
| Place of publication | London: |
| Name of publisher | G Bell & Sons Ltd, |
| Year of publication | 1931. |
| 300 ## - PHYSICAL DESCRIPTION | |
| Number of Pages | 226pages. |
| 942 ## - ADDED ENTRY ELEMENTS (KOHA) | |
| Koha item type | Books |
| Withdrawn status | Lost status | Damaged status | Home library | Current library | Date acquired | Full call number | Accession Number | Koha item type |
|---|---|---|---|---|---|---|---|---|
| Withdrawn | KAUAET | Sanskrit University | 14/11/2023 | 828.09 SNE / AG | 11761 | Books |
